005710000a22001330004500008004100000082001600041245015500057260005700212300001900269650003100288942000700319952009600326999001500422230817t ||||| |||| 00| 0 eng d a303.66bPEA aPeace audit 2006, supporting an enabling environment for peace in Sri Lanka : banalysis of community perspectives on peace and conflict in Sri Lanka. aColombo:bConsortium of Humanitarian Agencies,c2006 a48 p. ; 27 cm. aPEACE-Sri Lanka-Statistics cRP 00102ddc4070aMAINbMAINd2023-08-17l0o303.66 PEApRAF4457r2023-08-17w2023-08-17yRP c2227d2227